Language Quiz

Random Language or French Quiz

Les Jeux sont faits Vocabulary pp. 17-24 Quiz Stats

 Plays Quiz not verified by Sporcle

Support Sporcle.
Go Orange.
Score 0/50 Timer 10:00
0 Plays Today
French Word English Word % Correct
grisgray
83.8%
huile (f.)oil
82.6%
rêve (m.) dream
82%
essayer (de + inf.)to try
81.7%
banc (m.)bench
80.7%
peine (f.)pain, penalty, difficulty
80.4%
lancerto throw
78.9%
porte (f.) vitréeglass door
78.9%
file (f.) d'attentewaiting line
78.6%
tout de mêmejust the same
78.6%
plaisir (m.)pleasure
77.7%
se diriger versto head toward
77.1%
trottoir (m.) sidewalk
77.1%
rez-de-chaussée (m.)ground floor
77.1%
manteau (m.)coat
76.5%
ombre (f.)shadow, shade
75.5%
au fond deat the bottom of, at the back of
75.2%
soldatsoldier
75.2%
couvert(e) decovered with
75.2%
remarquerto notice
74.9%
poussiéreux, poussiéreusedusty
74.6%
faire la gueueto stand in line
73.1%
ralentirto slow down
72.5%
bavarderto chat, talk
72.2%
retenirto hold back, retain
71.9%
French Word English Word % Correct
bouleversé(e)upset
70.6%
augmenterto increase
70.3%
couché(e)lying
70.3%
s'apercevoirto notice
70%
sifflerto whistle, hiss
69.7%
le moindre, la moindrethe slightest, the least
69.4%
tricoterto knit
69.4%
couloir (m.)hall, corridor
68.8%
frotterto rub
68.8%
se taireto be quiet, keep quiet, shut up
68.5%
cour (f.)courtyard, court
68.5%
tablier (m.) apron
67.3%
voie (f.)way, path, track, lane
67%
sonnettebell
67%
vestibule (m.)front hall, lobby
67%
se débarrasser deto get rid of
66.7%
éclairerto light
66.4%
digneworthy, dignified
66.4%
bercerto rock
65.1%
étroit(e)narrow
64.2%
renseignerto inform
64.2%
autantas much, as many
63.3%
seuil (m.)doorstep, threshold
61.5%
croîtreto grow, increase
61.5%
éprouverto experience, undergo
56.9%

You're not logged in!

Compare scores with friends on all Sporcle quizzes.
OR
Log In

From the Vault

Who Originally Hosted My Show?

by senordingdong

We're still trying to lure Jon Stewart into hosting Sporcle TV.
Remove Ads.
Support Sporcle.
Get the best of Sporcle when you Go Orange. This ad-free experience offers more features, more stats, and more fun while also helping to support Sporcle. Thank you for becoming a member.

Show Comments

Extras

Top Quizzes Today


Score Distribution

Your Account Isn't Verified!

In order to create a playlist on Sporcle, you need to verify the email address you used during registration. Go to your Sporcle Settings to finish the process.

Report this User

Report this user for behavior that violates our Community Guidelines.

Details: